| 000 | 01352nam a22002897a 4500 | ||
|---|---|---|---|
| 003 | EG-ScBUE | ||
| 005 | 20220103130503.0 | ||
| 008 | 220103s2020 ua f 000 0 ara d | ||
| 017 | _a24378 | ||
| 040 |
_aEG-ScBUE _bara _erda _cEG-ScBUE _dEG-ScBUE |
||
| 043 | _af-ua--- | ||
| 082 | 0 | 4 |
_222 _a616.24140962 _bأ ز م |
| 245 | 0 | 0 |
_aأزمة وباء فيروس كورونا المستجد (كوفيد-19) وتداعياته المحلية والإقليمية والدولية : _bمساهمة المجلس المصري للشئون الخارجية / _cتحرير السفير د. عزت سعد. |
| 246 | 3 | 4 |
_aCoronavirus pandemic crisis (Covid-19), the domestic, regional and international repercussions : _bcontribution by the Egyptian Council for Foreign Affairs |
| 264 | 1 |
_a[القاهرة] : _bالمجلس المصري للشئون الخارجية، _c2020. |
|
| 300 |
_a129، 207 صفحة ؛ _c24 سم |
||
| 336 |
_2rdacontent _aنص _btxt |
||
| 337 |
_2rdamedia _aبدون وسيط _bn |
||
| 338 |
_2rdacarrier _aمجلد _bnc |
||
| 610 | 2 | _aالمجلس المصري للشئون الخارجية. | |
| 650 | 7 |
_aفيروس كورونا _zمصر. _2BUEsh |
|
| 650 | 7 |
_aكوفيد 19 (مرض) _zمصر. _2BUEsh |
|
| 653 |
_bGGEN _cDecember2021 |
||
| 655 |
_vReading book _934232 |
||
| 700 | 1 |
_aسعد، عزت، _eمحرر. |
|
| 942 | _2ddc | ||
| 999 |
_c29729 _d29700 |
||